[Event "Niedersachsen-chT U16"]
[Site "Verden an der Aller"]
[Date "2009.05.23"]
[Round "4.2"]
[White "Thumulka, Patrick"]
[Black "Lindner, Robert"]
[Result "1-0"]
[WhiteElo "1894"]
[BlackElo "1763"]
[PlyCount "63"]
[EventDate "2009.05.21"]
[EventType "team-tourn"]
[EventRounds "5"]
[EventCountry "GER"]
[SourceTitle "EXT 2010"]
[Source "ChessBase"]
[SourceDate "2010.11.25"]
[SourceVersion "1"]
[SourceVersionDate "2010.11.25"]
[SourceQuality "1"]
[WhiteTeam "Oesede Georgsmarienhuette"]
[BlackTeam "Ricklingen"]
[WhiteTeamCountry "GER"]
[BlackTeamCountry "GER"]

1. e4 e6 2. d4 d5 3. Nc3 Bb4 4. e5 c5 5. a3 Bxc3+ 6. bxc3 Ne7 7. Nf3 b6 8. Bd3 Ba6 9. 0-0 Bxd3 10. Qxd3 0-0 11. Ng5 Ng6 12. h4 c4 13. Qg3 h6 14. Nxe6 Qxh4 15. Qxh4 Nxh4 16. Nxf8 Kxf8 17. a4 Nc6 18. g3 Nf5 19. Kg2 Ke8 20. g4 Nh4+ 21. Kg3 Ng6 22. f4 Nge7 23. f5 Ng8 24. Ba3 Nd8 25. Rab1 Rb8 26. Rb5 Ne7 27. f6 gxf6 28. exf6 Ng6 29. Rxd5 Ne6 30. Rh5 Ng5 31. Re1+ Ne6 32. d5 1-0

[Event "Niedersachsen-chT U14"]
[Site "Verden an der Aller"]
[Date "2008.05.03"]
[Round "5.2"]
[White "Lindner, Robert"]
[Black "Carmesin, Matthias"]
[Result "1/2-1/2"]
[WhiteElo "1408"]
[BlackElo "1641"]
[PlyCount "108"]
[EventDate "2008.05.01"]
[EventType "team"]
[EventRounds "7"]
[EventCountry "GER"]
[SourceTitle "EXT 2009"]
[Source "ChessBase"]
[SourceDate "2008.11.26"]
[SourceVersion "1"]
[SourceVersionDate "2008.11.26"]
[SourceQuality "1"]

1. e4 c5 2. c3 d5 3. exd5 Qxd5 4. d4 Nf6 5. Nf3 Bg4 6. Be2 cxd4 7. cxd4 e6 8. 0-0 Nc6 9. h3 Bh5 10. Nc3 Qd6 11. Be3 Rd8 12. Rc1 Be7 13. Qb3 Rd7 14. Nb5 Qb8 15. g4 a6 16. Na3 Bg6 17. Rxc6 0-0 18. Rc4 Bd6 19. Rfc1 Be4 20. Nb1 b5 21. R4c3 Nd5 22. Rc6 Nxe3 23. Qxe3 Bxc6 24. Rxc6 Qb7 25. Rc1 Rc7 26. Rxc7 Qxc7 27. Qd2 Rc8 28. Kg2 Bf4 29. Qb4 Qc2 30. Nc3 h6 31. Ne5 Bxe5 32. dxe5 Rxc3 33. Qxc3 Qxe2 34. Qc8+ Kh7 35. Qc3 Qe4+ 36. Kg3 b4 37. Qc5 Qd3+ 38. Kg2 Qe4+ 39. Kg3 Qd3+ 40. Kh2 Qd2 41. Kg2 Qxb2 42. Qa5 Qd4 43. Qxa6 Qxe5 44. Qc4 Qd6 45. Qc2+ g6 46. Qb2 e5 47. Qb3 Kg7 48. Qc4 Qd4 49. Qc2 Qd5+ 50. Kg3 Qd4 51. Qe2 Qf4+ 52. Kg2 e4 53. Qb2+ Qf6 54. Qxb4 Qf3+ 1/2-1/2

[Event "Niedersachsen-chT U14"]
[Site "Stade"]
[Date "2007.05.20"]
[Round "7.1"]
[White "Lindner, Robert"]
[Black "Carmesin, Matthias"]
[Result "0-1"]
[WhiteElo "1381"]
[BlackElo "1610"]
[PlyCount "86"]
[EventDate "2007.05.17"]
[EventType "team-tourn"]
[EventRounds "7"]
[EventCountry "GER"]
[SourceTitle "EXT 2008"]
[Source "ChessBase"]
[SourceDate "2007.11.25"]
[SourceVersion "1"]
[SourceVersionDate "2007.11.25"]
[SourceQuality "1"]

1. e4 c5 2. c3 d5 3. exd5 Qxd5 4. d4 cxd4 5. cxd4 Nc6 6. Nf3 Bg4 7. Be2 e6 8. 0-0 Nf6 9. Nc3 Qa5 10. Bf4 Rd8 11. Nb5 Nd5 12. Bg3 Bxf3 13. gxf3 a6 14. Na3 Rd7 15. Nc4 Qd8 16. Rc1 Be7 17. Ne3 0-0 18. Bxa6 Nxe3 19. fxe3 Nxd4 20. exd4 bxa6 21. Qe2 Qb6 22. Qg2 Qxd4+ 23. Kh1 Bf6 24. b3 Qb4 25. Rc4 Qa5 26. Ra4 Qb5 27. Rg1 g6 28. Bf4 Rfd8 29. Qc2 Qb7 30. Qe2 Rd3 31. Rf1 Kg7 32. Rc4 R8d7 33. Kg2 Qd5 34. Qc2 Qf5 35. Qc1 g5 36. Bg3 R7d4 37. Rc5 Rd5 38. Rc6 g4 39. fxg4 Qxg4 40. Rc2 Qe4+ 41. Kg1 Rxg3+ 42. hxg3 Bd4+ 43. Rff2 Rh5 0-1

[Event "GER-chT U12"]
[Site "Verden an der Aller"]
[Date "2006.12.29"]
[Round "6.3"]
[White "Cofman, Veaceslav"]
[Black "Lindner, Robert"]
[Result "1-0"]
[WhiteElo "1684"]
[BlackElo "1362"]
[PlyCount "109"]
[EventDate "2006.12.27"]
[EventType "team-swiss"]
[EventRounds "7"]
[EventCountry "GER"]
[SourceTitle "EXT 2008"]
[Source "ChessBase"]
[SourceDate "2007.11.25"]
[SourceVersion "1"]
[SourceVersionDate "2007.11.25"]
[SourceQuality "1"]
[WhiteTeam "Karlsruhe 1853 U12"]
[BlackTeam "Ricklingen U12"]
[WhiteTeamCountry "GER"]
[BlackTeamCountry "GER"]

1. Nf3 d5 2. d4 Nf6 3. e3 Bf5 4. c4 c6 5. Nc3 e6 6. Be2 Bb4 7. Qb3 Qa5 8. Bd2 Bg4 9. 0-0 0-0 10. Rfe1 Nbd7 11. cxd5 cxd5 12. Rac1 Rac8 13. a3 Bxc3 14. Bxc3 Qb6 15. Qxb6 Nxb6 16. Ne5 Bxe2 17. Rxe2 Rc7 18. f3 Rfc8 19. Rec2 Na4 20. Kf2 b6 21. Nd3 Ne8 22. Ne1 a5 23. Ke2 Nd6 24. Kd3 Nf5 25. g3 h6 26. Ng2 Kh7 27. e4 dxe4+ 28. fxe4 Nd6 29. Ne3 Kg6 30. h3 Nb5 31. Nd1 Nd6 32. b3 Nxc3 33. Rxc3 Rxc3+ 34. Rxc3 Rxc3+ 35. Nxc3 Kg5 36. a4 h5 37. e5 Nc8 38. Ne4+ Kf5 39. Nd6+ Kg5 40. Nxc8 h4 41. Ke3 hxg3 42. Kf3 g2 43. Kxg2 Kf4 44. Nd6 Ke3 45. Nxf7 Kxd4 46. Kf3 Kc3 47. Nd8 Kxb3 48. Nxe6 Kxa4 49. Nd4 Kb4 50. e6 a4 51. e7 a3 52. e8Q Kc3 53. Qa4 Kb2 54. Qb3+ Ka1 55. Nc2# 1-0

[Event "GER-chT U12"]
[Site "Verden an der Aller"]
[Date "2006.12.28"]
[Round "4.3"]
[White "Moehn, Hans"]
[Black "Lindner, Robert"]
[Result "0-1"]
[WhiteElo "1561"]
[BlackElo "1362"]
[PlyCount "152"]
[EventDate "2006.12.27"]
[EventType "team-swiss"]
[EventRounds "7"]
[EventCountry "GER"]
[SourceTitle "EXT 2008"]
[Source "ChessBase"]
[SourceDate "2007.11.25"]
[SourceVersion "1"]
[SourceVersionDate "2007.11.25"]
[SourceQuality "1"]
[WhiteTeam "Grossroehrsdorf U12"]
[BlackTeam "Ricklingen U12"]
[WhiteTeamCountry "GER"]
[BlackTeamCountry "GER"]

1. e4 e6 2. d4 d5 3. Nc3 dxe4 4. Nxe4 Nd7 5. Nf3 Ngf6 6. Nxf6+ Nxf6 7. c3 c5 8. Be3 cxd4 9. Qxd4 Qxd4 10. Bxd4 Be7 11. 0-0-0 0-0 12. Bd3 Rd8 13. c4 b6 14. Bc3 Bb7 15. Rhe1 Ng4 16. Rf1 Bc5 17. Be1 Bxf3 18. gxf3 Nxh2 19. Rh1 Nxf3 20. Bxh7+ Kf8 21. Bc3 Rxd1+ 22. Kxd1 Rd8+ 23. Ke2 Nd4+ 24. Bxd4 Bxd4 25. Be4 Bxb2 26. Rh8+ Ke7 27. Rxd8 Kxd8 28. Kd3 Ke7 29. Kc2 Bd4 30. f3 Kd6 31. Kd3 Kc5 32. f4 Bb2 33. a4 f5 34. Bb7 Bc1 35. Bc8 Kd6 36. a5 Bxf4 37. axb6 axb6 38. Kc3 g5 39. Kb4 g4 40. Kb5 Be3 41. Kb4 f4 42. Kc3 g3 43. Bb7 e5 44. Kd3 Ke6 45. Be4 Kf6 46. Ke2 Kg5 47. Kf3 Kh4 48. Kg2 Kg4 49. Bd5 Kf5 50. Kf3 Bf2 51. Bc6 Ke6 52. Bd5+ Kd6 53. Ke2 Kc5 54. Kd3 Bd4 55. Bg2 Kb4 56. Bf3 Kb3 57. Bd5 Kb2 58. Be4 Kc1 59. Ke2 Bf2 60. Bf5 Bd4 61. Be4 Bc5 62. Ke1 Be3 63. Ke2 Kb2 64. Kd3 Bc5 65. Bd5 Kc1 66. Bf3 Bd4 67. Ke2 Kc2 68. Be4+ Kc3 69. Bd5 Bf2 70. Kf3 Kd3 71. Kg4 Ke3 72. Kh3 f3 73. c5 bxc5 74. Bc6 g2 75. Bd5 g1Q 76. Bxf3 Qg3# 0-1

[Event "GER-chT U12"]
[Site "Verden an der Aller"]
[Date "2006.12.27"]
[Round "2.3"]
[White "Klarner, Alexander"]
[Black "Lindner, Robert"]
[Result "1-0"]
[WhiteElo "1117"]
[BlackElo "1362"]
[PlyCount "123"]
[EventDate "2006.12.27"]
[EventType "team-swiss"]
[EventRounds "7"]
[EventCountry "GER"]
[SourceTitle "EXT 2008"]
[Source "ChessBase"]
[SourceDate "2007.11.25"]
[SourceVersion "1"]
[SourceVersionDate "2007.11.25"]
[SourceQuality "1"]
[WhiteTeam "Limburgerhof U12"]
[BlackTeam "Ricklingen U12"]
[WhiteTeamCountry "GER"]
[BlackTeamCountry "GER"]

1. e4 e6 2. d4 d5 3. Nc3 dxe4 4. Nxe4 Nd7 5. Nf3 Ngf6 6. Bg5 Be7 7. Bxf6 Nxf6 8. Nxf6+ Bxf6 9. Qd2 0-0 10. 0-0-0 b6 11. Kb1 Bb7 12. Be2 Qe7 13. c3 Rfd8 14. Rhg1 c5 15. Qe3 cxd4 16. cxd4 a5 17. a3 Bd5 18. g4 Qb7 19. Ne5 b5 20. g5 Bxe5 21. Qxe5 a4 22. Rg3 b4 23. h4 bxa3 24. Rxa3 Rdb8 25. Rd2 Qb4 26. Qe3 Bb3 27. Bf3 Ra7 28. d5 Rd7 29. Qd4 Qb5 30. Qd3 Qb4 31. Qd4 Qb5 32. Qd3 Qc5 33. Qe3 Qd6 34. dxe6 Qxd2 35. exd7 Qxe3 36. fxe3 Rd8 37. Bg4 Kf8 38. Kc1 Ke7 39. Kd2 g6 40. Ke2 Bc4+ 41. Kf3 Bb3 42. Ra1 Be6 43. Bxe6 Kxe6 44. Rxa4 Ke7 45. Rd4 Rxd7 46. Rxd7+ Kxd7 47. Ke4 Kd6 48. b4 Ke6 49. b5 Kd6 50. b6 Kc6 51. Ke5 Kxb6 52. Kf6 Kc5 53. e4 Kd6 54. e5+ Kd5 55. Kxf7 Kxe5 56. Kg7 Kf4 57. Kxh7 Kf5 58. h5 gxh5 59. g6 h4 60. g7 h3 61. g8Q h2 62. Qg2 1-0

[Event "GER North-chT U16"]
[Site "Magdeburg"]
[Date "2006.08.26"]
[Round "2.2"]
[White "Lindner, Robert"]
[Black "Konow, Philipp"]
[Result "0-1"]
[WhiteElo "1362"]
[BlackElo "1368"]
[PlyCount "88"]
[EventDate "2006.08.26"]
[EventType "team"]
[EventRounds "7"]
[EventCountry "GER"]
[SourceTitle "EXT 2007"]
[Source "ChessBase"]
[SourceDate "2006.11.23"]
[SourceVersion "1"]
[SourceVersionDate "2006.11.23"]
[SourceQuality "1"]

1. e4 c5 2. c3 d5 3. exd5 Qxd5 4. d4 cxd4 5. cxd4 Nc6 6. Nf3 Bg4 7. Nc3 Qf5 8. Be2 Rd8 9. Be3 e5 10. d5 Bb4 11. Rc1 Nf6 12. h3 Bxf3 13. Bxf3 e4 14. Be2 Nxd5 15. Qb3 Nxe3 16. fxe3 0-0 17. Bg4 Qe5 18. 0-0 Rd2 19. Ne2 Rxb2 20. Qc4 Bd2 21. Rcd1 Bxe3+ 22. Kh1 Rb4 23. Qc2 Nd4 24. Nxd4 Rxd4 25. Rde1 Rd2 26. Qc4 Qd4 27. Qb3 Rf2 28. Rxf2 Bxf2 29. Rd1 Qb6 30. Qc2 f5 31. Bh5 g6 32. Be2 Qc5 33. Bc4+ Kg7 34. Qc3+ Kh6 35. Qb3 e3 36. Be2 Rc8 37. Qb1 Qc2 38. Qxc2 Rxc2 39. Bd3 Rd2 40. Kh2 e2 41. Bxe2 Rxe2 42. Rd7 b5 43. Rxa7 Bxa7 44. h4 b4 0-1

[Event "GER-ch U12"]
[Site "Willingen"]
[Date "2005.05.15"]
[Round "1"]
[White "Lindner, Robert"]
[Black "Hager, Joshua Aarash"]
[Result "0-1"]
[WhiteElo "1391"]
[BlackElo "1632"]
[PlyCount "68"]
[EventDate "2005.05.14"]
[EventType "swiss"]
[EventRounds "11"]
[EventCountry "GER"]
[SourceTitle "CBM 106 Extra"]
[Source "ChessBase"]
[SourceDate "2005.07.01"]
[SourceVersion "1"]
[SourceVersionDate "2005.07.01"]
[SourceQuality "1"]

1. e4 e6 2. d4 d5 3. exd5 exd5 4. Bd3 Bd6 5. Nc3 Nf6 6. Bg5 c6 7. Nge2 0-0 8. Qd2 Nbd7 9. f3 Qc7 10. 0-0-0 b5 11. Rdg1 a5 12. g4 a4 13. h4 b4 14. Nb1 c5 15. h5 b3 16. axb3 axb3 17. c3 cxd4 18. Bxf6 Nxf6 19. g5 dxc3 20. Nbxc3 Ne8 21. g6 h6 22. gxf7+ Rxf7 23. Qxh6 d4 24. Qh7+ Kf8 25. Nxd4 Ra1+ 26. Bb1 Bf4+ 27. Kd1 Rd7 28. Qe4 Rxb1+ 29. Nxb1 Qc1+ 30. Ke2 Qxb2+ 31. Kf1 Qxd4 32. Qa8 Qd1+ 33. Kf2 Qc2+ 34. Ke1 Rd1# 0-1

[Event "Niedersachsen-ch U12"]
[Site "Rotenburg/Wuemme"]
[Date "2005.03.20"]
[Round "2"]
[White "Lindner, Robert"]
[Black "Kleinschmidt, Annika"]
[Result "1-0"]
[WhiteElo "1270"]
[BlackElo "1151"]
[PlyCount "31"]
[EventDate "2005.03.19"]
[EventType "swiss"]
[EventRounds "9"]
[EventCountry "GER"]
[SourceTitle "EXT 2007"]
[Source "ChessBase"]
[SourceDate "2006.11.23"]
[SourceVersion "1"]
[SourceVersionDate "2006.11.23"]
[SourceQuality "1"]

1. e4 c5 2. c3 Nc6 3. d4 cxd4 4. cxd4 g6 5. Nc3 Bg7 6. Nf3 e6 7. Bb5 Nge7 8. 0-0 0-0 9. Bf4 d5 10. Bxc6 Nxc6 11. e5 b6 12. Nb5 Ba6 13. Qa4 Qc8 14. Nd6 b5 15. Qa3 Qb8 16. Qxa6 1-0

[Event "GER-ch U10"]
[Site "Willingen"]
[Date "2004.06.04"]
[Round "11"]
[White "Korman, Jewgenija"]
[Black "Lindner, Robert"]
[Result "1-0"]
[WhiteElo "1136"]
[BlackElo "1274"]
[PlyCount "107"]
[EventDate "2004.06.??"]
[EventType "swiss"]
[EventRounds "11"]
[EventCountry "GER"]
[SourceTitle "EXT 2005"]
[Source "ChessBase"]
[SourceDate "2004.11.15"]
[SourceVersion "1"]
[SourceVersionDate "2004.11.15"]
[SourceQuality "1"]

1. e4 e6 2. d4 d5 3. Nc3 dxe4 4. Nxe4 Nd7 5. Nf3 Ngf6 6. Nxf6+ Nxf6 7. Bg5 Be7 8. Bd3 0-0 9. Qe2 c5 10. dxc5 Qa5+ 11. c3 Qxc5 12. Qe5 Ng4 13. Qxc5 Bxc5 14. 0-0 e5 15. h3 Nxf2 16. Rxf2 f5 17. Nxe5 Bxf2+ 18. Kxf2 f4 19. Bc4+ Kh8 20. Be7 Bf5 21. Bxf8 Rxf8 22. Rd1 h6 23. Nd7 Rd8 24. Bb5 a6 25. Ba4 b5 26. Ne5 Re8 27. Nf7+ Kg8 28. Bb3 Be6 29. Bxe6 Rxe6 30. Nd6 Kf8 31. Nf5 Kf7 32. Rd7+ Kf6 33. Nxg7 Re4 34. Kf3 Re1 35. Kxf4 Re2 36. Nh5+ Ke6 37. Rh7 Rxg2 38. Rxh6+ Kd5 39. Rxa6 Rxb2 40. Nf6+ Kc5 41. h4 Rc2 42. h5 Rxc3 43. Ne4+ Kc4 44. Nxc3 Kxc3 45. h6 Kd4 46. h7 Kd5 47. h8Q b4 48. Qh5+ Kd4 49. Rc6 b3 50. axb3 Kd3 51. Qd5+ Ke2 52. Re6+ Kf2 53. Qd2+ Kg1 54. Re1# 1-0

[Event "GER-ch U10"]
[Site "Willingen"]
[Date "2004.06.04"]
[Round "10"]
[White "Lindner, Robert"]
[Black "Lebeda, Timo"]
[Result "0-1"]
[WhiteElo "1274"]
[BlackElo "1205"]
[PlyCount "84"]
[EventDate "2004.06.??"]
[EventType "swiss"]
[EventRounds "11"]
[EventCountry "GER"]
[SourceTitle "EXT 2005"]
[Source "ChessBase"]
[SourceDate "2004.11.15"]
[SourceVersion "1"]
[SourceVersionDate "2004.11.15"]
[SourceQuality "1"]

1. e4 e5 2. Nf3 Nc6 3. d4 exd4 4. Nxd4 Nf6 5. Nc3 Bc5 6. Be3 Bb4 7. Qf3 Bxc3+ 8. bxc3 0-0 9. Bc4 Ne5 10. Qe2 Nxe4 11. Bd2 Nxd2 12. Kxd2 Nxc4+ 13. Qxc4 d5 14. Qc5 c6 15. Rab1 Qc7 16. h3 Bd7 17. Rhe1 b6 18. Qa3 c5 19. Nf3 Qf4+ 20. Ke2 Qc4+ 21. Kd2 Be6 22. g3 d4 23. Ng5 dxc3+ 24. Qxc3 Rfd8+ 25. Qd3 Rxd3+ 26. cxd3 Qxa2+ 27. Ke3 h6 28. Nxe6 Qxe6+ 29. Kd2 Qxh3 30. Re2 Qd7 31. Re3 Rd8 32. Rb3 Qa4 33. Kc3 Rc8 34. Re4 Qa5+ 35. Kc2 Qa2+ 36. Rb2 Qd5 37. Kc3 Rd8 38. Rd2 b5 39. d4 Qxe4 40. dxc5 Qc4+ 41. Kb2 Rxd2+ 42. Ka3 Qa4# 0-1

[Event "GER-ch U10"]
[Site "Willingen"]
[Date "2004.06.02"]
[Round "8"]
[White "Lindner, Robert"]
[Black "Noe, Christopher"]
[Result "0-1"]
[WhiteElo "1274"]
[BlackElo "1552"]
[PlyCount "52"]
[EventDate "2004.06.??"]
[EventType "swiss"]
[EventRounds "11"]
[EventCountry "GER"]
[SourceTitle "EXT 2005"]
[Source "ChessBase"]
[SourceDate "2004.11.15"]
[SourceVersion "1"]
[SourceVersionDate "2004.11.15"]
[SourceQuality "1"]

1. e4 c5 2. Nf3 Nc6 3. d4 cxd4 4. Nxd4 g6 5. Nc3 Bg7 6. Be3 Nf6 7. f3 0-0 8. Qd2 d5 9. Nxc6 bxc6 10. e5 Nd7 11. e6 fxe6 12. h4 Nf6 13. Bh6 Qd6 14. 0-0-0 Rb8 15. a3 c5 16. Re1 Qc6 17. Be2 d4 18. Nd1 Rd8 19. g4 c4 20. h5 Ba6 21. Bxg7 c3 22. Qh6 cxb2+ 23. Nxb2 Rxb2 24. Kxb2 Qc3+ 25. Kc1 d3 26. Qd2 Qa1# 0-1

[Event "GER-ch U10"]
[Site "Willingen"]
[Date "2004.05.31"]
[Round "4"]
[White "Lindner, Robert"]
[Black "Friedrich, Wiede"]
[Result "1/2-1/2"]
[WhiteElo "1274"]
[BlackElo "1436"]
[PlyCount "72"]
[EventDate "2004.06.??"]
[EventType "swiss"]
[EventRounds "11"]
[EventCountry "GER"]
[SourceTitle "EXT 2005"]
[Source "ChessBase"]
[SourceDate "2004.11.15"]
[SourceVersion "1"]
[SourceVersionDate "2004.11.15"]
[SourceQuality "1"]

1. e4 c6 2. d4 d5 3. Nc3 dxe4 4. Nxe4 Nd7 5. Nf3 Ndf6 6. Nxf6+ Nxf6 7. Bd3 Bg4 8. c3 e6 9. Bf4 Bd6 10. Bxd6 Qxd6 11. Qe2 0-0 12. h3 Bxf3 13. Qxf3 Rfd8 14. 0-0 Rd7 15. Rfe1 c5 16. Bb5 Rdd8 17. dxc5 Qxc5 18. Qxb7 Rab8 19. Rad1 Nd5 20. Qa6 Rxb5 21. b4 Qb6 22. Qxb6 Rxb6 23. c4 Rbd6 24. cxd5 g6 25. Rc1 Rxd5 26. Rc7 R8d7 27. Rec1 Rd1+ 28. Kh2 Kg7 29. Rxa7 Rxa7 30. Rxd1 Rxa2 31. f3 Rb2 32. Rd4 Kf6 33. Kg3 h5 34. h4 Ke5 35. Rf4 f5 36. Rc4 Rb3 1/2-1/2

[Event "GER-ch U10"]
[Site "Willingen"]
[Date "2004.05.30"]
[Round "3"]
[White "Kotainy, Jens"]
[Black "Lindner, Robert"]
[Result "1/2-1/2"]
[WhiteElo "1492"]
[BlackElo "1274"]
[PlyCount "131"]
[EventDate "2004.06.??"]
[EventType "swiss"]
[EventRounds "11"]
[EventCountry "GER"]
[SourceTitle "EXT 2005"]
[Source "ChessBase"]
[SourceDate "2004.11.15"]
[SourceVersion "1"]
[SourceVersionDate "2004.11.15"]
[SourceQuality "1"]

1. e4 e6 2. f4 d5 3. e5 c5 4. Nf3 Nc6 5. c3 Bd7 6. Bd3 Qb6 7. Bc2 Rc8 8. 0-0 Nge7 9. Kh1 Ng6 10. d3 Be7 11. Na3 0-0 12. c4 a6 13. b3 d4 14. Bd2 f6 15. exf6 Bxf6 16. Qe2 e5 17. Qe4 exf4 18. Qd5+ Rf7 19. Ng5 Bxg5 20. Qxg5 f3 21. Rxf3 Rxf3 22. gxf3 Rf8 23. f4 Rf5 24. Qg3 Qc7 25. Rf1 Nce5 26. Kg1 Nc6 27. Bd1 Rf6 28. Kh1 Nge5 29. Be2 Rg6 30. Qf2 Bh3 31. Rg1 Ng4 32. Bxg4 Rxg4 33. Rxg4 Bxg4 34. Qe1 Ne7 35. Kg2 Qc6+ 36. Qe4 Bf5 37. Qxc6 Nxc6 38. Nc2 Bxd3 39. Ne1 Bb1 40. a3 Kf7 41. b4 b6 42. Nf3 Bd3 43. b5 axb5 44. cxb5 Bxb5 45. Ng5+ Kg6 46. Ne6 Ne7 47. Kf3 d3 48. Ke4 c4 49. Nf8+ Kh6 50. f5+ Kh5 51. Nxh7 Kg4 52. f6 gxf6 53. Nxf6+ Kh3 54. Kd4 Kxh2 55. Nd5 Nxd5 56. Kxd5 Kg2 57. Kd4 Kf2 58. Kc3 Ke2 59. Bh6 Ba6 60. Bd2 b5 61. Bh6 Kf3 62. Bg5 Ke4 63. Bc1 Kd5 64. Be3 Kc6 65. Bd2 Kb6 66. Kb4 1/2-1/2

[Event "GER-ch U10"]
[Site "Willingen"]
[Date "2004.05.30"]
[Round "2"]
[White "Lindner, Robert"]
[Black "Weber, Max"]
[Result "1-0"]
[WhiteElo "1274"]
[BlackElo "2039"]
[PlyCount "93"]
[EventDate "2004.06.??"]
[EventType "swiss"]
[EventRounds "11"]
[EventCountry "GER"]
[SourceTitle "EXT 2005"]
[Source "ChessBase"]
[SourceDate "2004.11.15"]
[SourceVersion "1"]
[SourceVersionDate "2004.11.15"]
[SourceQuality "1"]

1. e4 c5 2. Nf3 d6 3. d4 cxd4 4. Nxd4 Nf6 5. Nc3 g6 6. Be3 a6 7. Qd2 Ng4 8. Bg5 Bg7 9. f3 Ne5 10. Bh6 0-0 11. h4 Nbd7 12. g4 Nf6 13. Be2 Qd7 14. 0-0-0 Qc7 15. h5 Qb6 16. Rdg1 a5 17. hxg6 fxg6 18. Bxg7 Rf7 19. Bxf6 Rxf6 20. Nd5 Qa7 21. Nxf6+ exf6 22. Nb5 Qb6 23. Qxd6 Qe3+ 24. Qd2 Qc5 25. Qd5+ Qxd5 26. exd5 f5 27. gxf5 Bxf5 28. f4 Nf7 29. Rg3 Re8 30. Bd3 Bd7 31. Kd2 Rc8 32. Re1 Rc5 33. c4 Rc8 34. Re7 Rd8 35. c5 Kf8 36. d6 Nxd6 37. cxd6 Bxb5 38. Rxh7 Rxd6 39. Rxb7 Bc6 40. Rc7 Bb5 41. Kc3 Be8 42. Rh3 Bf7 43. Rh7 Rf6 44. Bc4 Kg8 45. Rhxf7 Rxf7 46. Rxf7 Kh8 47. Kd4 1-0